000 00425nam a22001697a 4500
005 20240110123847.0
008 200521b xxu||||| |||| 00| 0 eng d
020 _a9789374735169
041 _aeng
082 _a664 SAS
100 _aSastry, Apurba sankar and K . sandhya bhat
_98383
245 _aMICROBIOLOGY GUIDE FOR FMGE
260 _aDelhi
_bAITBS PUBLISHERS
300 _a313p.
650 _aPharmacy
942 _cBK
999 _c6363
_d6361